| 000 | | | 05270cbm0a2200325#x 450 |
| 001 | | | 55d14f65-a3b8-43bb-8d94-c6c926e7ff3e |
| 005 | | | 20240419153138.0 |
| 100 | ## | $a | 20240131d1943####k###0rusy50 ca |
| 101 | 0# | $a | rus |
| 102 | ## | $a | RU |
| 105 | ## | $a | b###z######## |
| 122 | 0# | $a | d1943###### |
| 200 | 1# | $a | Годовой производственно-финансовый отчет Приволжской экспедиции Бампроекта за 1942 г. |
| | $j | [1943 г.] |
| 251 | ## | $c | Документ |
| 300 | ## | $a | Подлинник |
| 300 | ## | $a | В деле представлены сведения о политико-моральном состоянии коллектива Приволжской экспедиции и значении выполненных ею работ по защите Сталинграда (л. 47-49), карты (л. 4-5) |
| 461 | #0 | $1 | 2001 |
| | $a | Ф. Р-571. Государственный проектно-изыскательский институт "Гипротранссрой" Министерства транспортного строительства СССР, г. Москва |
| | $1 | 251 |
| | $c | Фонд |
| | $1 | 852 |
| | $j | Р-571 |
| 462 | #0 | $1 | 2001 |
| | $a | Оп. 3-6 |
| | $1 | 251 |
| | $c | Опись |
| | $1 | 852 |
| | $j | 3-6 |
| 462 | #0 | $1 | 2001 |
| | $a | Д. 132 |
| | $v | Л. 2-5, 47-49 |
| | $1 | 251 |
| | $c | Дело |
| | $1 | 852 |
| | $j | 132 |
| 605 | ## | $2 | acquisition_Prlib |
| | $3 | LIBNET\UAF\0000088514 |
| | $a | Вторая мировая война в архивных документах (Комплекс оцифрованных архивных документов, кино- и фотоматериалов) |
| | $l | коллекция |
| 605 | ## | $2 | acquisition_Prlib |
| | $3 | DITM\AF\0000003834 |
| | $a | Народ |
| | $l | коллекция |
| 605 | ## | $2 | acquisition_Prlib |
| | $3 | DITM\AF\0000002775 |
| | $a | Власть |
| | $l | коллекция |
| 605 | ## | $a | Российское государство и экономика |
| | $l | коллекция |
| | $2 | acquisition_Prlib |
| | $3 | LIBNET\UAF\0000066520 |
| 606 | 1# | $2 | nlr_sh |
| | $3 | RU\NLR\AUTH\661280795 |
| | $a | Великая Отечественная война |
| | $z | 1941 - 1945 |
| | $x | Тыл(воен.) |
| | $j | Архивные дела |
| 686 | ## | $a | 63.3(2)622-2ю1 |
| | $v | LBC/M |
| | $2 | rubbk |
| 686 | ## | $a | 65.03(2)622ю1 |
| | $v | LBC/M |
| | $2 | rubbk |
| 801 | #0 | $a | RU |
| | $b | ПБ им. Б.Н. Ельцина |
| | $c | 20240131 |
| 801 | #1 | $a | RU |
| | $b | ПБ им. Б.Н. Ельцина |
| | $c | 20240131 |
| | $2 | rusmarc |
| 801 | #2 | $a | RU |
| | $b | ПБ им. Б.Н. Ельцина |
| | $c | 20240202 |
| | $2 | rusmarc |
| 850 | ## | $a | Российский государственный архив в г. Самаре |
| 852 | ## | $a | РГА в г. Самаре |
| | $j | Л. 2-5, 47-49 |
| 035 | ## | $a | LIBNET\0001377887 |
| 937 | ## | $d | 190720711 |
| | $h | Федеральное архивное агентство |
| 856 | 4# | $u | http://readingroom.main.prlib.ru/item.aspx?id_node=n190720711&mode=full |